01148nam a2200277Ia 450000500170000000800410001702000150005804100080007308200180008110000320009924501070013125000220023830000400026065000440030065000340034465000360037894200120041426400370042633600270046333700330049033800280052304000350055199900150058695201360060195201330073720220316235658.0121119s2003 ck a gr 000 0 spa  a95894016480 aspa04a796.07 bG83P1 aGuillén García, Félix10aIntroducción a la psicopedagogía de la actividad física y el deportecFélix Guillén García aPrimera edición a236 páginasbilustracionesc21 cm14aDeportesxAspectos psicológicos2LEMB14aEducación psicomotriz2LEMB14aAptitud motora en niños2LEMB 2ddccBK aArmeniabEditorial Kinesisc2003 atextobtxt2rdacontent asin mediaciónbn2rdamedia avolumenbnc2rdacarrier aCO-BoRNBPbspaerdacCO-BoRNBP c1790d1790 001040708001aMEVIGERRbMEVIGERRcGENd2004-07-22o796.07 G83ppECA15131r2024-11-26 08:56:04tEj.1w2024-11-26yBKz1777 | 2122 00102lcc40708GENaMEPCONCObMEPCONCOcGENd2026-02-26l0o796.07 G83PpPCON02346r2026-02-26 15:36:03tEj.1w2026-02-26yBK